Geo-Informatics in Resource Management and Sustainable Ecosystem Third International Conference, GRMSE 2015, Wuhan, China, October 16-18, 2015, Revised Selected Papers /

This volume constitutes the refereed proceedings of the Third International Conference on Geo-Informatics in Resource Management and Sustainable Ecosystem, GRMSE 2015, held in Wuhan, China, in October 2015. The 101 papers presented were carefully reviewed and selected from 321 submissions. The paper...

Full description

Bibliographic Details
Corporate Author: SpringerLink (Online service)
Other Authors: Bian, Fuling (Editor), Xie, Yichun (Editor)
Format: Electronic eBook
Language:English
Published: Berlin, Heidelberg : Springer Berlin Heidelberg : Imprint: Springer, 2016.
Edition:1st ed. 2016.
Series:Communications in Computer and Information Science, 569
Subjects:
Online Access:Full Text via HEAL-Link
LEADER 02854nam a22005535i 4500
001 978-3-662-49155-3
003 DE-He213
005 20160525171922.0
007 cr nn 008mamaa
008 160112s2016 gw | s |||| 0|eng d
020 |a 9783662491553  |9 978-3-662-49155-3 
024 7 |a 10.1007/978-3-662-49155-3  |2 doi 
040 |d GrThAP 
050 4 |a QA75.5-76.95 
072 7 |a UNH  |2 bicssc 
072 7 |a UND  |2 bicssc 
072 7 |a COM030000  |2 bisacsh 
082 0 4 |a 025.04  |2 23 
245 1 0 |a Geo-Informatics in Resource Management and Sustainable Ecosystem  |h [electronic resource] :  |b Third International Conference, GRMSE 2015, Wuhan, China, October 16-18, 2015, Revised Selected Papers /  |c edited by Fuling Bian, Yichun Xie. 
250 |a 1st ed. 2016. 
264 1 |a Berlin, Heidelberg :  |b Springer Berlin Heidelberg :  |b Imprint: Springer,  |c 2016. 
300 |a XIX, 988 p. 443 illus.  |b online resource. 
336 |a text  |b txt  |2 rdacontent 
337 |a computer  |b c  |2 rdamedia 
338 |a online resource  |b cr  |2 rdacarrier 
347 |a text file  |b PDF  |2 rda 
490 1 |a Communications in Computer and Information Science,  |x 1865-0929 ;  |v 569 
520 |a This volume constitutes the refereed proceedings of the Third International Conference on Geo-Informatics in Resource Management and Sustainable Ecosystem, GRMSE 2015, held in Wuhan, China, in October 2015. The 101 papers presented were carefully reviewed and selected from 321 submissions. The papers are divided into topical sections on Smart City in Resource Management and Sustainable Ecosystem; Spatial Data Acquisition Through RS and GIS in Resource Management and Sustainable Ecosystem; Ecological and Environmental Data Processing and Management; Advanced Geospatial Model and Analysis for Understanding Ecological and Environmental Process; Applications of Geo-Informatics in Resource Management and Sustainable Ecosystem. 
650 0 |a Computer science. 
650 0 |a Special purpose computers. 
650 0 |a Computer system failures. 
650 0 |a Information storage and retrieval. 
650 0 |a Computer simulation. 
650 0 |a Environmental geography. 
650 1 4 |a Computer Science. 
650 2 4 |a Information Storage and Retrieval. 
650 2 4 |a Special Purpose and Application-Based Systems. 
650 2 4 |a System Performance and Evaluation. 
650 2 4 |a Simulation and Modeling. 
650 2 4 |a Environmental Geography. 
700 1 |a Bian, Fuling.  |e editor. 
700 1 |a Xie, Yichun.  |e editor. 
710 2 |a SpringerLink (Online service) 
773 0 |t Springer eBooks 
776 0 8 |i Printed edition:  |z 9783662491546 
830 0 |a Communications in Computer and Information Science,  |x 1865-0929 ;  |v 569 
856 4 0 |u http://dx.doi.org/10.1007/978-3-662-49155-3  |z Full Text via HEAL-Link 
912 |a ZDB-2-SCS 
950 |a Computer Science (Springer-11645)